| 000 | 00338nam a2200145Ia 4500 | ||
|---|---|---|---|
| 008 | 230917s9999||||xx |||||||||||||| ||und|| | ||
| 040 |
_e79024 _aMAIN |
||
| 041 | _aEnglish | ||
| 082 | _a340 T155L | ||
| 100 | _aTandon, M P | ||
| 245 | 0 | _aLaw for the commom man | |
| 260 |
_aDelhi _bPioneer Books _c1991 |
||
| 300 | _a199 p. | ||
| 942 | _cBK | ||
| 999 |
_c70471 _d70471 |
||